000 00489 a2200169 4500
003 OSt
005 20240201153651.0
008 240201b |||||||| |||| 00| 0 eng d
040 _coclc
082 _a894.8128
_bABD/M
100 _aAbduraheem, K. T
_910353
245 _aMARANATHINAPPURAM /
_cK. T. Abduraheem
250 _a3rd ed.
260 _aKozhikode:
_bDialogue Center Kerala,
_c2021.
300 _a39p.
942 _2ddc
_cBK
_h894.8128
_iABD/M
_k894.8128
_mABD/M
999 _c43405
_d43405